000 00438nam a22001457a 4500
020 _qHB.
040 _cFIZZA ISHAQ
082 _a658.404
_bGAR
100 _aOberlender , Garold (Gary) D.
_9133743
245 _aProject Management for Engineering and Construction /
_cGarold (Gary) D. Oberlender.
250 _a3RD ED.
260 _aNew York:
_bMcGraw Hill,
_c2014.
300 _a420 p. ;
_c ‎ 6.1 x 1.2 x 9.3 inches
942 _2ddc
_cBK
999 _c616701
_d616701